[Event "FRA-ch U26"]
[Site "Bastia"]
[Date "2024.04.07"]
[Round "7"]
[White "Courjal, Pauline"]
[Black "Pacteau, Andre"]
[Result "0-1"]
[WhiteElo "1982"]
[BlackElo "2099"]
[PlyCount "108"]
[EventDate "2024.04.06"]
[EventType "swiss"]
[EventRounds "9"]
[EventCountry "FRA"]
[SourceTitle "CB16_2024"]
[SourceDate "2024.04.17"]
[SourceVersion "1"]
[SourceVersionDate "2024.04.17"]
[SourceQuality "1"]

1. d4 Nf6 2. c4 g6 3. g3 Bg7 4. Bg2 d6 5. Nc3 0-0 6. Nf3 Nc6 7. 0-0 Bg4 8. d5 Bxf3 9. exf3 Na5 10. Qd3 c5 11. dxc6 bxc6 12. b4 Nb7 13. f4 d5 14. Be3 e6 15. Rab1 Nd6 16. Bc5 Re8 17. Bxd6 Qxd6 18. b5 Rec8 19. Rfc1 Qa3 20. Qe2 cxb5 21. Nxb5 Qc5 22. Qe3 Qxe3 23. fxe3 Bf8 24. Nd4 Rab8 25. Rxb8 Rxb8 26. c5 Rc8 27. c6 Ng4 28. Rc3 Bg7 29. Ra3 Nxe3 30. Nb5 Nxg2 31. Kxg2 Rxc6 32. Rxa7 Bf6 33. a4 d4 34. Rd7 Rc4 35. a5 Ra4 36. a6 Rxa6 37. Nxd4 Ra2+ 38. Kf3 Rd2 39. Ke3 Rxd4 40. Rxd4 Bxd4+ 41. Kxd4 Kg7 42. Ke5 h6 43. h3 g5 44. f5 exf5 45. Kxf5 f6 46. Ke6 h5 47. Kf5 Kf7 48. h4 g4 49. Kf4 Ke6 50. Ke4 f5+ 51. Kd4 Kd6 52. Ke3 Ke5 53. Kf2 Kd4 54. Kg2 Ke3 0-1